004610000a2200109000450024500330000030000500003352001040008377300490018794200080023695200900024499900170033410aDocentes para la virtualidad aVol.0, núm.4 (marzo-mayo, 2005), Página 7 a2.800 docentes colombianos se capacitan en 2005 en el manejo de Ambientes Virtuales de Aprendizaje.0 tEducación superior : Boletín informativo cANA 001040708HEMaFUSBCbFUSBCd2016-01-26l0o r2016-01-26 00:00:00w2016-01-26yANA c61184d61184